| 000 | 00469nam a22001577a 4500 | ||
|---|---|---|---|
| 999 |
_c524707 _d524707 |
||
| 003 | NUST | ||
| 038 | _aMr. Zahoor | ||
| 082 | _a005 | ||
| 100 |
_aSyad Awais Amjad _915500 |
||
| 245 |
_aDOCUMENTING ENTERPRISE APPLICATION COMPONENTS FOR BETTER READABILITY AND REUSE / _cSyad Awais Amjad |
||
| 260 |
_aIslamabad : _bCEME - NUST, _c2015. |
||
| 300 |
_axv, 52 p. : ill. ; _c30 cm. |
||
| 500 | _aHardcover. | ||
| 600 | _2Computer Engineering - MS Thesis | ||
| 942 |
_2ddc _cTHE |
||